| 000 | 00403pab a2200157 454500 | ||
|---|---|---|---|
| 008 | 180718b1995 xxu||||| |||| 00| 0 eng d | ||
| 100 | _aJoshi, Navin Chandra | ||
| 245 | _aRejuvenating rural life through industrial growth | ||
| 260 | _c1995 | ||
| 300 | _ap.9-10 | ||
| 362 | _aSep | ||
| 650 | _aRural development - India | ||
| 650 | _aIndustries | ||
| 773 | _aKurukshetra (English) | ||
| 909 | _a30863 | ||
| 999 |
_c30863 _d30863 |
||